Online katalóg knižníc regiónu Turca

Slováci v Bukovine (Record no. 20157)

MARC details
000 -LEADER
fixed length control field 01963cam a2200541 a 4500
001 - CONTROL NUMBER
control field 20157
003 - CONTROL NUMBER IDENTIFIER
control field VRT
005 - DATE AND TIME OF LATEST TRANSACTION
control field 20260117142254.0
008 - FIXED-LENGTH DATA ELEMENTS--GENERAL INFORMATION
fixed length control field 000507s1993 xo ogabg 000 0 slo
015 ## - NATIONAL BIBLIOGRAPHY NUMBER
National bibliography number SNBA1993
020 ## - INTERNATIONAL STANDARD BOOK NUMBER
International Standard Book Number 8070902310
Qualifying information (viaz.)
035 ## - SYSTEM CONTROL NUMBER
System control number SAVUKc020357
039 #9 - LEVEL OF BIBLIOGRAPHIC CONTROL AND CODING DETAIL [OBSOLETE]
Level of rules in bibliographic description 202402291343
Level of effort used to assign nonsubject heading access points msnk159
Level of effort used to assign subject headings 202402291327
Level of effort used to assign classification msnk159
Level of effort used to assign subject headings 202208111417
Level of effort used to assign classification AUTHORITY
Level of effort used to assign subject headings 201210080837
Level of effort used to assign classification mkuuk03
040 ## - CATALOGING SOURCE
Original cataloging agency SAVUK
Language of cataloging slo
Transcribing agency SAVUK
Modifying agency SNK
Description conventions AACR2
041 0# - LANGUAGE CODE
Language code of text/sound track or separate title slo
044 ## - COUNTRY OF PUBLISHING/PRODUCING ENTITY CODE
MARC country code xo
ISO country code SK
072 #7 - SUBJECT CATEGORY CODE
Subject category code 323
Subject category code subdivision Vnútropolitický vývoj, politický život
Source konspekt
080 ## - UNIVERSAL DECIMAL CLASSIFICATION NUMBER
Universal Decimal Classification number (=162.4)
Edition identifier 2001
080 ## - UNIVERSAL DECIMAL CLASSIFICATION NUMBER
Universal Decimal Classification number 323.1:316.356.4
Edition identifier 2001
100 1# - MAIN ENTRY--PERSONAL NAME
Personal name Úradník, Vendelín
Relationship aut
245 10 - TITLE STATEMENT
Title Slováci v Bukovine
Statement of responsibility, etc. Vendelín Úradník
250 ## - EDITION STATEMENT
Edition statement 1.vyd.
260 ## - PUBLICATION, DISTRIBUTION, ETC.
Place of publication, distribution, etc. Martin
Name of publisher, distributor, etc. Matica slovenská
Date of publication, distribution, etc. 1993
300 ## - PHYSICAL DESCRIPTION
Extent 155 s., [32] s. obr. príl.
Other physical details fotogr., mp., noty, tab.
Dimensions 21 cm
490 1# - SERIES STATEMENT
Series statement Teória a výskum. Monografie
504 ## - BIBLIOGRAPHY, ETC. NOTE
Bibliography, etc. note Bibliografia
650 07 - SUBJECT ADDED ENTRY--TOPICAL TERM
Topical term or geographic name entry element Slováci
Source of heading or term SNKPH
650 07 - SUBJECT ADDED ENTRY--TOPICAL TERM
Topical term or geographic name entry element Slováci v zahraničí
Source of heading or term SNKPH
650 07 - SUBJECT ADDED ENTRY--TOPICAL TERM
Topical term or geographic name entry element národy
Source of heading or term SNKPH
651 #7 - SUBJECT ADDED ENTRY--GEOGRAPHIC NAME
Geographic name Bukovina (historické územie)
Source of heading or term SNKPH
655 #7 - INDEX TERM--GENRE/FORM
Genre/form data or focus term monografie
Source of term SNKPH
830 #0 - SERIES ADDED ENTRY--UNIFORM TITLE
Uniform title Teória a výskum. Monografie
942 ## - ADDED ENTRY ELEMENTS (KOHA)
Source of classification or shelving scheme Dewey Decimal Classification
Koha item type Odborná literatúra pre dospelých
Suppress in OPAC No
949 ## - LOCAL PROCESSING INFORMATION (OCLC)
6 273K0200396
a svkpoA 160565d
b svkpo397901
o PV 1003/94
949 ## - LOCAL PROCESSING INFORMATION (OCLC)
6 17A0076711
a snkSD 65842 D1
949 ## - LOCAL PROCESSING INFORMATION (OCLC)
6 270001000037141
a svkbbA 84867
b svkbbm 582071
949 ## - LOCAL PROCESSING INFORMATION (OCLC)
6 270001000037142
a svkbbA 84867
b svkbbm 581708
949 ## - LOCAL PROCESSING INFORMATION (OCLC)
6 3830001074020
a kurukMSD32/288
b kuruk2012/F7894
949 ## - LOCAL PROCESSING INFORMATION (OCLC)
6 17A1045642
a snkSD 65842
949 ## - LOCAL PROCESSING INFORMATION (OCLC)
6 17A0346966
a snkSD 65842 D2
b snkD 1347/94
949 ## - LOCAL PROCESSING INFORMATION (OCLC)
6 273K0200397
a svkpoA 160565
b svkpo396104
949 ## - LOCAL PROCESSING INFORMATION (OCLC)
6 273K0200395
a svkpoA 160565a
b svkpo396105
949 ## - LOCAL PROCESSING INFORMATION (OCLC)
6 273K0200398
a svkpoA 160565b
b svkpo396106
949 ## - LOCAL PROCESSING INFORMATION (OCLC)
6 273K0200399
a svkpoA 160565c
b svkpo396107
949 ## - LOCAL PROCESSING INFORMATION (OCLC)
6 2889054805
a savukM 90885
949 ## - LOCAL PROCESSING INFORMATION (OCLC)
6 17A0346690
a snkSD 65842 D3
b snkD 1348/94
Holdings
Stav vyradenia Strata Poškodenie Spôsob nadobudnutia Domovská knižnica Aktuálna knižnica Dátum nadobudnutia Total checkouts Čiarový kód exemplára Date last seen Typ exemplára
      Dar Obecná knižnica Horná Štubňa Obecná knižnica Horná Štubňa 17.01.2026   4736200178 17.01.2026 Odborná literatúra pre dospelých
Projekt je podporený Slovenskou asociáciou knižníc
Prevádzkuje Turčianska knižnica Martin 2026